Organizational behavior : (Record no. 3436)

000 -LEADER
fixed length control field 01149cam a2200325 a 4500
001 - CONTROL NUMBER
control field 12847872
003 - CONTROL NUMBER IDENTIFIER
control field OSt
005 - DATE AND TIME OF LATEST TRANSACTION
control field 20161006161623.0
008 - FIXED-LENGTH DATA ELEMENTS--GENERAL INFORMATION
fixed length control field 020709s2004 maua b 001 0 eng d
010 ## - LIBRARY OF CONGRESS CONTROL NUMBER
LC control number 2002109651
020 ## - INTERNATIONAL STANDARD BOOK NUMBER
International Standard Book Number 0618305874
035 ## - SYSTEM CONTROL NUMBER
System control number (OCoLC)ocm52776739
040 ## - CATALOGING SOURCE
Original cataloging agency OSU
Transcribing agency OSU
Modifying agency OCLCQ
-- BAKER
-- NLGGC
-- DLC
042 ## - AUTHENTICATION CODE
Authentication code lccopycat
050 00 - LIBRARY OF CONGRESS CALL NUMBER
Classification number HD58.7.M664 2004
082 00 - DEWEY DECIMAL CLASSIFICATION NUMBER
Classification number 658.3
Edition number 22
084 ## - OTHER CLASSIFICATION NUMBER
Classification number 85.08
Source of number bcl
100 1# - MAIN ENTRY--PERSONAL NAME
Personal name Moorhead, Gregory.
245 10 - TITLE STATEMENT
Title Organizational behavior :
Remainder of title managing people and organizations /
Statement of responsibility, etc Gregory Moorhead, Ricky W. Griffin.
250 ## - EDITION STATEMENT
Edition statement 7th ed.
260 ## - PUBLICATION, DISTRIBUTION, ETC. (IMPRINT)
Place of publication, distribution, etc Boston :
Name of publisher, distributor, etc Houghton Mifflin,
Date of publication, distribution, etc c2004.
300 ## - PHYSICAL DESCRIPTION
Extent xxviii, 628 p. :
Other physical details col. ill. ;
Dimensions 26 cm.
504 ## - BIBLIOGRAPHY, ETC. NOTE
Bibliography, etc Includes bibliographical references (p. 579-600) and indexes.
650 #0 - SUBJECT ADDED ENTRY--TOPICAL TERM
Topical term or geographic name as entry element Organizational behavior.
700 1# - ADDED ENTRY--PERSONAL NAME
Personal name Griffin, Ricky W.
856 41 - ELECTRONIC LOCATION AND ACCESS
Materials specified Table of contents
Uniform Resource Identifier <a href="http://www.loc.gov/catdir/toc/fy0606/2002109651.html">http://www.loc.gov/catdir/toc/fy0606/2002109651.html</a>
906 ## - LOCAL DATA ELEMENT F, LDF (RLIN)
a 7
b cbc
c copycat
d 2
e epcn
f 20
g y-gencatlg
942 ## - ADDED ENTRY ELEMENTS (KOHA)
Source of classification or shelving scheme
Koha item type Book
Holdings
Withdrawn status Lost status Source of classification or shelving scheme Damaged status Not for loan Home library Current library Shelving location Date acquired Total Checkouts Full call number Barcode Date last seen Date checked out Copy number Price effective from Koha item type
          Riara University Library Riara University Library General stack 06/10/2016 1 HD58.7.M664 2004 8584/16 02/12/2016 10/11/2016 C.1 06/10/2016 Book

Riara University Library,
P.O. Box 49940-00100,
Nairobi, Kenya.